[Event "DEM U12/U12w 2004"]
[Site "Willingen GER"]
[Date "2004.05.30"]
[Round "2"]
[White "Spangenberg, Pia"]
[Black "Hoffmann, Cara"]
[Result "1-0"]
[Termination "normal"]
[Board "48"]
[WhiteElo "1264"]
[BlackElo "922"]
[PlyCount "143"]
[WhiteFideId "4627989"]
[EventCountry "GER"]
[EventRounds "11"]
[EventType "swiss"]
[EventDate "2004.05.29"]

1. e4 c5 2. Nf3 d6 3. d4 cxd4 4. Nxd4 Nf6 5. Nc3 g6 6. Be3 Bg7 7. Qd2 Nc6 8.
O-O-O O-O 9. Bc4 Bd7 10. f3 Rc8 11. Bb3 Ne5 12. h4 Nc4 13. Bxc4 Rxc4 14. Kb1
Qa5 15. Rdg1 h5 16. Nb3 Qc7 17. Qd3 b5 18. Nd2 Rc6 19. Nxb5 Qb7 20. Nc3 Rb8 21.
Nb3 a5 22. Bc1 Rcc8 23. Nxa5 Qb6 24. Nb3 Be6 25. Na4 Qb7 26. Nc3 Nd7 27. Bd2
Nc5 28. Qe3 Nxb3 29. cxb3 Qa6 30. Na4 Ra8 31. a3 Qb5 32. Nb6 Bxb3 33. Nxc8 Ba2+
34. Kc1 Qxb2+ 35. Kd1 Qb1+ 36. Ke2 Qb5+ 37. Kf2 Rxc8 38. Rc1 Rc4 39. Rxc4 Qxc4
40. Rc1 Qa4 41. Rc8+ Kh7 42. Bc3 Qc2+ 43. Qd2 Qxd2+ 44. Bxd2 Bb3 45. Bc3 Bxc3
46. Rxc3 Ba4 47. Rc7 e6 48. Rxf7+ Kg8 49. Re7 d5 50. Rxe6 dxe4 51. Rxe4 Bc6 52.
Re6 Bd5 53. Rxg6+ Kf7 54. Rg5 Bc4 55. Rxh5 Kg6 56. g4 Bf7 57. a4 Kg7 58. a5 Be8
59. a6 Bc6 60. a7 Kg8 61. f4 Kg7 62. g5 Kg6 63. Rh6+ Kf5 64. Rxc6 Kxf4 65. a8=R
Kg4 66. Rf8 Kxh4 67. Kg1 Kxg5 68. Rff6 Kg4 69. Rc5 Kg3 70. Rg5+ Kh4 71. Rfg6
Kh3 72. Rh6# 1-0

[Event "DEM U12/U12w 2004"]
[Site "Willingen GER"]
[Date "2004.05.30"]
[Round "2"]
[White "Rau, Carla"]
[Black "Wolf, Isaak"]
[Result "0-1"]
[Termination "normal"]
[Board "49"]
[WhiteElo "929"]
[BlackElo "1262"]
[PlyCount "62"]
[EventCountry "GER"]
[EventRounds "11"]
[EventType "swiss"]
[EventDate "2004.05.29"]

1. e4 e5 2. Nf3 Nc6 3. d4 exd4 4. Bc4 Bc5 5. O-O d6 6. c3 dxc3 7. Qd5 Be6 8.
Qd3 Bxc4 9. Qxc4 cxb2 10. Bxb2 Nf6 11. Re1 O-O 12. e5 Nd7 13. Qg4 dxe5 14. Nxe5
Qf6 15. Nd3 Bxf2+ 16. Kf1 Bd4+ 17. Qf3 Qxf3+ 18. gxf3 Bxb2 19. Nxb2 Rfe8 20.
Nc3 Nf6 21. Nb5 a6 22. Nxc7 Rxe1+ 23. Rxe1 Rc8 24. Nxa6 bxa6 25. Nc4 Nd4 26.
Nd6 Rd8 27. Nb7 Re8 28. Rd1 Nxf3 29. Kg2 Nh4+ 30. Kg3 Nf5+ 31. Kg2 Ne3+ 0-1

[Event "DEM U12/U12w 2004"]
[Site "Willingen GER"]
[Date "2004.05.30"]
[Round "2"]
[White "Thiele, Eileen"]
[Black "Becher, Anne"]
[Result "0-1"]
[Termination "normal"]
[Board "50"]
[WhiteElo "894"]
[BlackElo "1259"]
[PlyCount "152"]
[EventCountry "GER"]
[EventRounds "11"]
[EventType "swiss"]
[EventDate "2004.05.29"]

1. e4 c5 2. Nc3 Nc6 3. Nf3 g6 4. Bc4 Bg7 5. d3 e6 6. Bf4 Nge7 7. O-O d5 8. exd5
exd5 9. Bb5 a6 10. Bxc6+ Nxc6 11. Re1+ Be6 12. Qd2 O-O 13. Bh6 Bg4 14. Bxg7
Kxg7 15. Qf4 Bxf3 16. Qxf3 Nd4 17. Qd1 Qd7 18. h3 b5 19. Ne2 Nf5 20. Nf4 Qd6
21. Qd2 Nd4 22. c3 Nc2 23. Qxc2 Qxf4 24. Qe2 Rfe8 25. Qc2 Re6 26. c4 dxc4 27.
dxc4 Qxc4 28. Qxc4 bxc4 29. Rac1 Rae8 30. Rxe6 Rxe6 31. Rxc4 Re2 32. Rxc5 Rxb2
33. Ra5 Rb6 34. Kf1 Re6 35. f4 Kf6 36. g4 Rd6 37. Kf2 Ke7 38. Re5+ Kd7 39. Ke3
f6 40. Rc5 Ke6 41. g5 fxg5 42. fxg5 Rd5 43. Rc6+ Rd6 44. Rxd6+ Kxd6 45. Kd4 Ke6
46. Ke4 Kd6 47. h4 Ke6 48. Kf4 Kd5 49. Kg4 Ke4 50. h5 gxh5+ 51. Kxh5 Kf5 52.
Kh6 Kg4 53. a3 a5 54. Kxh7 Kxg5 55. Kg7 Kf5 56. Kf7 Ke5 57. Ke7 Kd5 58. Kd7 Kc5
59. Kc7 a4 60. Kb7 Kc4 61. Kb6 Kb3 62. Ka5 Kxa3 63. Ka6 Kb3 64. Ka5 a3 65. Kb5
a2 66. Kc5 a1=Q 67. Kb5 Qd4 68. Kc6 Qe5 69. Kd7 Qf6 70. Kc7 Qe6 71. Kb7 Qd6 72.
Ka8 Qd7 73. Kb8 Kb4 74. Ka8 Kb5 75. Kb8 Kb6 76. Ka8 Qa7# 0-1

[Event "DEM U12/U12w 2004"]
[Site "Willingen GER"]
[Date "2004.05.30"]
[Round "2"]
[White "Wisheckel, Lena"]
[Black "Kroner, Sarah"]
[Result "1-0"]
[Termination "normal"]
[Board "51"]
[WhiteElo "1259"]
[BlackElo "889"]
[PlyCount "51"]
[WhiteFideId "24691992"]
[EventCountry "GER"]
[EventRounds "11"]
[EventType "swiss"]
[EventDate "2004.05.29"]

1. e4 e5 2. Nf3 Nc6 3. Bb5 Bc5 4. Bxc6 bxc6 5. Nxe5 Ba6 6. d3 Qh4 7. O-O d6 8.
Nf3 Qg4 9. Ng5 Qxd1 10. Rxd1 h6 11. Nf3 h5 12. Nc3 d5 13. exd5 Ne7 14. Re1 h4
15. h3 Kf8 16. dxc6 Nxc6 17. Bg5 Bc8 18. Bxh4 Rh6 19. Bg3 Rg6 20. Kf1 Bd4 21.
Bxc7 Rb8 22. Bxb8 Bb7 23. Be5 Bxe5 24. Nxe5 Nb4 25. Nxg6+ fxg6 26. Re2 1-0